Erika's Pokemon - Statistics

General Stats
  • This quiz has been taken 7 times
  • The average score is 11 of 26
Answer Stats
She uses it in Answer % Correct
Johto Bellossom
100%
Kanto Gloom
100%
Kanto Tangela
100%
Kanto Vileplume
100%
Unova Venusaur
80%
Kanto Victreebel
80%
Kanto Weepinbell
80%
Johto Tangrowth
60%
Unova Abomasnow
40%
Johto Jumpluff
40%
Kanto Parasect
40%
Johto Roserade
40%
Stadium 2 Blissey
20%
Stadium 2 Chansey
20%
Stadium Clefable
20%
Unova Cradily
20%
Stadium Dewgong
20%
Stadium Exeggcute
20%
Unova Exeggutor
20%
Unova Lilligant
20%
Stadium 2 Mantine
20%
Stadium 2 Marowak
20%
Stadium 2 Ninetales
20%
Johto Shiftry
20%
Stadium 2 Vaporeon
20%
Unova Whimsicott
20%
No matching quizzes found
Score Distribution
Percent of People with Each Score
Percentile by Number Answered
Your Score History
You have not taken this quiz